<?xml version="1.0" encoding="UTF-8"?>
<collection xmlns="http://www.loc.gov/MARC21/slim">
    <record>
        <controlfield tag="001">76090</controlfield>
        <controlfield tag="005">20190110111045.0</controlfield>
        <datafield tag="024" ind1="7" ind2=" ">
            <subfield code="2">doi</subfield>
            <subfield code="a">10.14198/ELUA2018.32.10</subfield>
        </datafield>
        <datafield tag="024" ind1="8" ind2=" ">
            <subfield code="2">sideral</subfield>
            <subfield code="a">109133</subfield>
        </datafield>
        <datafield tag="037" ind1=" " ind2=" ">
            <subfield code="a">ART-2018-109133</subfield>
        </datafield>
        <datafield tag="041" ind1=" " ind2=" ">
            <subfield code="a">spa</subfield>
        </datafield>
        <datafield tag="100" ind1=" " ind2=" ">
            <subfield code="0">(orcid)0000-0002-2199-1689</subfield>
            <subfield code="a">Marqueta Gracia, Bárbara María</subfield>
            <subfield code="u">Universidad de Zaragoza</subfield>
        </datafield>
        <datafield tag="245" ind1=" " ind2=" ">
            <subfield code="a">Una propuesta de categorizacion sin morfemas para el compuesto lavaplatos</subfield>
        </datafield>
        <datafield tag="260" ind1=" " ind2=" ">
            <subfield code="c">2018</subfield>
        </datafield>
        <datafield tag="506" ind1="0" ind2=" ">
            <subfield code="a">Access copy available to the general public</subfield>
            <subfield code="f">Unrestricted</subfield>
        </datafield>
        <datafield tag="520" ind1="3" ind2=" ">
            <subfield code="a">En el presente trabajo se retoma un tema habitual en la teoría morfológica: la asignación de estructura y categoría al compuesto verbonominal lavaplatos. En primer lugar, se revisan algunos de los problemas identificados en las propuestas precedentes, a los que se añaden algunos aspectos estructurales y fonológicos que, de ser tenidos en cuenta, ponen en tela de juicio toda posibilidad de analizar el compuesto lavaplatos de manera paralela a construcciones con morfemas nominalizadores –típicamente, construcciones como secador de pelo o dish-washer–. En segundo lugar, se ofrece una propuesta de análisis de lavaplatos en la que el compuesto se hace sustantivo (opcionalmente) a través de una operación de movimiento. Trataremos de demostrar que este análisis presenta la ventaja de poder dar cuenta del doble uso designador y caracterizador de las palabras formadas en el esquema de lavaplatos.</subfield>
        </datafield>
        <datafield tag="540" ind1=" " ind2=" ">
            <subfield code="9">info:eu-repo/semantics/openAccess</subfield>
            <subfield code="a">by-nc</subfield>
            <subfield code="u">http://creativecommons.org/licenses/by-nc/3.0/es/</subfield>
        </datafield>
        <datafield tag="655" ind1=" " ind2="4">
            <subfield code="a">info:eu-repo/semantics/article</subfield>
            <subfield code="v">info:eu-repo/semantics/publishedVersion</subfield>
        </datafield>
        <datafield tag="710" ind1="2" ind2=" ">
            <subfield code="1">3010</subfield>
            <subfield code="2">575</subfield>
            <subfield code="a">Universidad de Zaragoza</subfield>
            <subfield code="b">Dpto. Lingüíst. Gral. e Hisp.</subfield>
            <subfield code="c">Área Lingüística General</subfield>
        </datafield>
        <datafield tag="773" ind1=" " ind2=" ">
            <subfield code="g">32 (2018), 219-236</subfield>
            <subfield code="p">Estud. lingüíst.</subfield>
            <subfield code="t">Estudios de lingüística</subfield>
            <subfield code="x">0212-7636</subfield>
        </datafield>
        <datafield tag="856" ind1="4" ind2=" ">
            <subfield code="s">1875437</subfield>
            <subfield code="u">http://zaguan.unizar.es/record/76090/files/texto_completo.pdf</subfield>
            <subfield code="y">Versión publicada</subfield>
        </datafield>
        <datafield tag="856" ind1="4" ind2=" ">
            <subfield code="s">49540</subfield>
            <subfield code="u">http://zaguan.unizar.es/record/76090/files/texto_completo.jpg?subformat=icon</subfield>
            <subfield code="x">icon</subfield>
            <subfield code="y">Versión publicada</subfield>
        </datafield>
        <datafield tag="909" ind1="C" ind2="O">
            <subfield code="o">oai:zaguan.unizar.es:76090</subfield>
            <subfield code="p">articulos</subfield>
            <subfield code="p">driver</subfield>
        </datafield>
        <datafield tag="951" ind1=" " ind2=" ">
            <subfield code="a">2019-01-10-10:39:35</subfield>
        </datafield>
        <datafield tag="980" ind1=" " ind2=" ">
            <subfield code="a">ARTICLE</subfield>
        </datafield>
    </record>

    
</collection>